Water analysis / (Record no. 29708)

MARC details
000 -LEADER
fixed length control field 00918nam a2200253 a 4500
005 - DATE AND TIME OF LATEST TRANSACTION
control field 20090827154727.0
008 - FIXED-LENGTH DATA ELEMENTS--GENERAL INFORMATION
fixed length control field 070919s2007 ii b 000 0 eng
010 ## - LCCN (DPL NO)
LC control number ENG-94938
020 ## - INTERNATIONAL STANDARD BOOK NUMBER
International Standard Book Number 9789380000381
Terms of availability 100.00
035 ## - SYSTEM CONTROL NUMBER
System control number EN-78471
037 ## - SOURCE OF ACQUISITION
Source of stock number/acquisition DBAD / PUB
040 ## - CATALOGING SOURCE
Original cataloging agency dpl
Language of cataloging English
082 ## - DEWEY DECIMAL CLASSIFICATION NUMBER
Classification number 628.161
100 ## - MAIN ENTRY--PERSONAL NAME
Personal name Edison Raj, C.L.
245 ## - TITLE STATEMENT
Title Water analysis /
Statement of responsibility, etc by C.L. Edison Raj
260 ## - PUBLICATION, DISTRIBUTION, ETC. (IMPRINT)
Place of publication, distribution, etc Chennai
Name of publisher, distributor, etc The Parkar
Date of publication, distribution, etc 2007
270 ## - ADDRESS
Address 293, Ahamed Complex, 2nd Floor, Royapettah High Road, Royapettah,
City Chennai
Postal code 600014
300 ## - PHYSICAL DESCRIPTION
Extent 144p.
Dimensions 22cm(pbk)
500 ## - GENERAL NOTE
General note Includes index
650 ## - SUBJECT ADDED ENTRY--TOPICAL TERM
Topical term or geographic name as entry element Water
General subdivision Analysis
650 ## - SUBJECT ADDED ENTRY--TOPICAL TERM
Topical term or geographic name as entry element Water quality
General subdivision Evaluation
942 ## - ADDED ENTRY ELEMENTS (KOHA)
Source of classification or shelving scheme Dewey Decimal Classification
Item type English Books
Call number suffix EDI
Classification part 628.161
Holdings
Withdrawn status Lost status Source of classification or shelving scheme Damaged status Not for loan Collection code Home library Current library Date acquired Source of acquisition Cost, normal purchase price Total Checkouts Full call number Barcode Date last seen Copy number Cost, replacement price Koha item type
    Dewey Decimal Classification   Not For Loan Non-fiction D.B.Act.Division D.B.Act.Division 27/08/2009 DBAD / PUB 100.00   628.161 EDI EN-78471 27/08/2009 1 100.00 English Books

© Delhi Public Library
Hit Counter
free hit counter